Bártfa Hungária szálloda

Bibliographic Details
Format: Postcard
Language:Hungarian
PhysicalDescription:1 pohľadnica čiernobiela 9x14 cm
Published: Bártfa Horovitz [1913]
Subjects:

MARC

LEADER 00000ckm a2200000 a 4500
001 vtls010273401
003 SK-MaSNL
005 20260512123909.0
007 kp bo
008 231206q1913 xo g kuhun
015 |a SNBG 
035 |a 0CDEEE59-0EA1-4705-BFB3-39C8A2C1E6C6 
035 |a urn:nbn:sk:snk-kmxvsa 
035 |a urn:nbn:sk:snk-km0055ja 
040 |a SNK  |b slo  |c SNK  |e AACR2 
041 0 |a hun 
043 |a e-xo--- 
044 |a xo  |c SK 
080 |a 908(437.6)  |2 2001 
080 |a (084.121)  |2 2001 
245 0 0 |a Bártfa  |h grafika  |b Hungária szálloda 
260 |a Bártfa  |b Horovitz  |c [1913] 
300 |a 1 pohľadnica  |b čiernobiela  |c 9x14 cm 
651 7 |a Bardejov (Slovensko)  |2 SNKPH  |9 20040 
655 7 |a miestne pohľadnice  |2 SNKPH  |9 70510 
852 |a Slovenská národná knižnica 
958 |a GC 
958 |a GBN 
958 |a ONDV 
999 |c 835549  |d 837479 
952 |a SNK  |b SNK  |y PREZ  |7 0  |p 17A0692729  |o snkSP 1712  |i snk435/86  |0 0  |1 0  |4 0  |d 2011-04-21  |f 1  |l 0  |r 2026-02-24 03:52:12  |w 2026-02-24